| 000 | 00837nam a22002057a 4500 | ||
|---|---|---|---|
| 999 |
_c18016 _d18016 |
||
| 003 | AR-CdUCM | ||
| 008 | 190401b ||||| |||| 00| 0 spa d | ||
| 040 |
_aMUNICIPALIDAD PROVINCIAL DEL CUSCO _cBIBLIOTECA MUNICIPAL DEL CUSCO |
||
| 082 |
_a131.3 / _bD48 _23ed |
||
| 100 |
_aDelgado, Honorio _927645 |
||
| 245 |
_aLa formacion espiritual del individuo : _bPsicología - educación - higiene mental / |
||
| 260 |
_aLima : _bSanta Maria, _c1949. |
||
| 300 |
_a241 paginas ; _c18 cm. |
||
| 505 | _aContenido : El desarrollo psíquico del individuo -- Significación prospectiva de la experiencia infantil y juvenil -- La formación de la personalidad y el carácter... | ||
| 650 |
_aPsicologia _91538 |
||
| 650 |
_aHigiene mental _927646 |
||
| 650 |
_aCarácter y personalidad _927647 |
||
| 942 |
_2ddc _cLIBROS |
||
| 945 |
_adavv _d2019-05-11 |
||